• 首页
  • 本馆介绍
  • 公告通知
  • 最新文献
  • 馆藏检索
  • 电子资源
  • 读者导购
  • 参考咨询
  • 我的图书馆
  • 登录
  • 详细信息显示
  • 放入我的书架
  • 预约/预借图书
  • 作者相关作品
  • 分类相关作品
  • 丛书相关作品
  • 出版社相关作品

书目信息

  • 表格格式
  • 工作单格式
  • 卡片格式
题名:
影响历史的10大军事名著
    
 
作者: 谢钢 主编
分册:  
出版信息: 北京   中国人民解放军出版社  1996.04
页数: 252页
开本: 20cm
丛书名:
单 册:
中图分类: E0
科图分类:
主题词: 军事理论--著作-简介
电子资源:
ISBN: 7-5065-3010-4
000 00572nam0 2200193 45
001 0004201614
005 20040421165119.5
010    @a7-5065-3010-4@dCNY11.00
100    @a20000420d1996 km y0chiy0120 ea
101 0  @achi
105    @a z 000yy
200 1  @a影响历史的10大军事名著@AYing Xiang Li Shi De 10 Da Jun Shi Ming Zhu@f谢钢主编@FXie Gang Zhu Bian
210    @a北京@c中国人民解放军出版社@d1996.04
215    @a252页@d20cm
606 0  @a军事理论@x著作-简介
690    @aE0@v1
701  0 @a谢钢@4主编
801    @aCN@bTSTC@c20000420
905    @dE0@e11@f3@b288001-003
    
    影响历史的10大军事名著/谢钢主编.-北京:中国人民解放军出版社,1996.04
    252页;20cm
    
    
    ISBN 7-5065-3010-4:CNY11.00
    
●
相关链接 在E读中查询图书 在五车中查询图书 在当当中查询图书 在豆瓣中查询图书


正题名:影响历史的10大军事名著     索取号:E0/11         预约/预借

序号 登录号 条形码 馆藏地/架位号 状态 备注
1 0288000   002880001   第一借阅区/ [索取号:E0/11] 在馆    
2 0288001   002880010   第一借阅区/ [索取号:E0/11] 在馆    
3 0288002   002880029   第一借阅区/ [索取号:E0/11] 在馆    
4 0288003   002880038   第一借阅区/ [索取号:E0/11] 在馆    
5 0288004   002880047   第一样本阅览室/ [索取号:E0/11] 在馆    
唐山师范学院图书馆 欢迎您!
大连网信软件有限公司© 版权所有